[Event "White Nights Open 2006"]
[Site "St. Petersburg RUS"]
[Date "2006.06.26"]
[Round "4.42"]
[White "Filatov, Viacheslav"]
[Black "Utkin, Vladimir"]
[Result "0-1"]
[WhiteElo "1929"]
[BlackElo "2075"]
[PlyCount "98"]
[EventDate "2006.06.22"]
[EventType "swiss"]
[EventRounds "9"]
[EventCountry "RUS"]
[Source "lmi"]
[SourceDate "2006.06.29"]

1. d4 d5 2. c4 e6 3. Nf3 Nf6 4. g3 c5 5. Bg2 Nc6 6. cxd5 exd5 7. O-O Be7 8. Nc3
O-O 9. e3 Re8 10. Ne5 Bf8 11. Nxc6 bxc6 12. dxc5 Bxc5 13. Qa4 Bd7 14. Qc2 Rc8
15. Na4 Bf8 16. Nc5 Bg4 17. b4 Nd7 18. Bb2 Nxc5 19. bxc5 Qd7 20. Rfe1 Bf5 21.
Qc3 f6 22. Rad1 Qe7 23. Ba3 Rb8 24. Rd4 Qb7 25. f3 Bg6 26. e4 dxe4 27. fxe4 Re5
28. Red1 Be8 29. Bh3 Be7 30. Bf1 Qc8 31. Bc4+ Kh8 32. Bb3 Qg4 33. Qc4 Rxb3 34.
axb3 h5 35. Qd3 Bg6 36. Re1 h4 37. b4 f5 38. Qe2 Qxe2 39. Rxe2 fxe4 40. Bc1 a5
41. Bf4 Re6 42. Bd6 Bf6 43. Rc4 e3 44. Rc1 Bd3 45. Ree1 axb4 46. Red1 Bb2 47.
Rb1 Bxb1 48. Rxb1 e2 49. Kf2 Bc3 0-1

[Event "White Nights Open 2006"]
[Site "St. Petersburg RUS"]
[Date "2006.06.26"]
[Round "4.43"]
[White "Golovenchits, Boris"]
[Black "Barinova, Valerija"]
[Result "0-1"]
[WhiteElo "2064"]
[BlackElo "1957"]
[PlyCount "124"]
[EventDate "2006.06.22"]
[EventType "swiss"]
[EventRounds "9"]
[EventCountry "RUS"]
[Source "lmi"]
[SourceDate "2006.06.29"]

1. d4 Nf6 2. c4 c5 3. d5 b5 4. Nf3 b4 5. a3 bxa3 6. Rxa3 g6 7. Nc3 d6 8. e4 Bg7
9. Bd3 O-O 10. O-O Bg4 11. h3 Bxf3 12. Qxf3 Nbd7 13. Qe2 a6 14. f4 Nh5 15. Kh2
e5 16. dxe6 fxe6 17. g3 Nb8 18. Qg4 Qe8 19. Bc2 Nc6 20. Ba4 Qc8 21. Bxc6 Nf6
22. Qe2 Qxc6 23. Bd2 Rfb8 24. b3 Rb6 25. f5 exf5 26. exf5 Re8 27. Qd3 gxf5 28.
Rxf5 Rb7 29. Bg5 Nd7 30. Nd5 Ne5 31. Qe4 Kh8 32. Qg2 Reb8 33. Qc2 Re8 34. Bf4
Nf3+ 35. Kg2 Nd4 36. Qd3 Nxf5 37. Qxf5 Rbe7 38. Kf3 Re1 39. Ra2 Qb7 40. Qc2 Qd7
41. g4 Rf1+ 42. Kg2 Ree1 43. Be3 Bd4 44. Qe4 Rg1+ 45. Kh2 Be5+ 46. Nf4 Bxf4+
47. Qxf4 Rh1+ 48. Kg2 Qb7+ 49. Kg3 Rhf1 50. Rf2 Rg1+ 51. Kh4 Qe7+ 52. g5 Rxe3
53. Qf5 Qe4+ 54. Qxe4 Rxe4+ 55. Kh5 Kg7 56. Ra2 Re3 57. h4 Rxb3 58. Rxa6 Rf1
59. Rxd6 Rb4 60. Rd7+ Rf7 61. Rd5 Rxc4 62. Rd8 Rc7 0-1

[Event "White Nights Open 2006"]
[Site "St. Petersburg RUS"]
[Date "2006.06.26"]
[Round "4.45"]
[White "Smirnov, Vladimir G"]
[Black "Gaprindashvili, Nona"]
[Result "1-0"]
[WhiteElo "1766"]
[BlackElo "2050"]
[PlyCount "193"]
[EventDate "2006.06.22"]
[EventType "swiss"]
[EventRounds "9"]
[EventCountry "RUS"]
[Source "lmi"]
[SourceDate "2006.06.29"]

1. d4 Nf6 2. c4 e6 3. e3 b6 4. Nf3 Bb7 5. Bd3 d5 6. O-O Be7 7. Nc3 O-O 8. cxd5
exd5 9. Qe2 a6 10. Bd2 Ne4 11. Rac1 Nd7 12. Be1 Re8 13. Nd2 Bg5 14. Bxe4 dxe4
15. Qg4 h5 16. Qxh5 Re6 17. Qd1 Qe7 18. Ne2 Nf6 19. Ng3 Nd5 20. Nc4 f6 21. Qh5
Bc6 22. h4 Bh6 23. Nf5 Qf7 24. Qxf7+ Kxf7 25. Bd2 Rh8 26. g3 g6 27. Nxh6+ Rxh6
28. Kg2 Bd7 29. a3 Re8 30. Bc3 Bb5 31. b3 Reh8 32. Rh1 g5 33. a4 Bd7 34. Nd2 f5
35. Nc4 f4 36. Ne5+ Ke7 37. Bd2 f3+ 38. Kf1 gxh4 39. Rxh4 Rxh4 40. Ng6+ Kf6 41.
Nxh4 a5 42. Ke1 Ra8 43. Kd1 Rb8 44. Rc2 Rg8 45. Ke1 Rg5 46. Rc4 Ke7 47. Kf1 Kd6
48. Kg1 c6 49. Nxf3 exf3 50. e4 Rh5 51. exd5 cxd5 52. Bf4+ Ke6 53. Rc3 Kf5 54.
Re3 Kg6 55. Rxf3 Bf5 56. Re3 Rh7 57. Kg2 Bh3+ 58. Kg1 Bf5 59. f3 Bc2 60. Re6+
Kf7 61. Rxb6 Rh8 62. Bd2 Ra8 63. Kf2 Bd1 64. g4 Re8 65. Be3 Rc8 66. Rb7+ Ke6
67. Rb6+ Kf7 68. g5 Rc2+ 69. Kg3 Rc3 70. Kf4 Bxb3 71. Ra6 Bxa4 72. Rxa5 Bb3 73.
Ra3 Rd3 74. Bf2 Kg6 75. Ra6+ Kg7 76. Kg4 Bd1 77. Rf6 Rd2 78. Kg3 Rd3 79. Kg4
Rd2 80. Be3 Rg2+ 81. Kf4 Rh2 82. Ke5 Re2 83. Kf4 Rh2 84. Kg3 Re2 85. Bf2 Rd2
86. f4 Rd3+ 87. Kh2 Bg4 88. Rd6 Bf3 89. f5 Be4 90. Rd7+ Kg8 91. f6 Rf3 92. Bg3
Rf1 93. Rg7+ Kh8 94. Be5 Rh1+ 95. Kg3 Rg1+ 96. Kf2 Rg2+ 97. Kf1 1-0

[Event "White Nights Open 2006"]
[Site "St. Petersburg RUS"]
[Date "2006.06.26"]
[Round "4.46"]
[White "Gershun, Dmitry"]
[Black "Kosov, Igor"]
[Result "1-0"]
[WhiteElo "2039"]
[BlackElo "1684"]
[PlyCount "46"]
[EventDate "2006.06.22"]
[EventType "swiss"]
[EventRounds "9"]
[EventCountry "RUS"]
[Source "lmi"]
[SourceDate "2006.06.29"]

1. e4 c5 2. Nf3 Nc6 3. d4 cxd4 4. Nxd4 Nf6 5. Nc3 e5 6. Ndb5 d6 7. Bg5 a6 8.
Na3 b5 9. Nd5 Be7 10. Bxf6 Bxf6 11. c3 O-O 12. Nc2 Bg5 13. a4 bxa4 14. Rxa4 f5
15. Nde3 fxe4 16. Qd5+ Kh8 17. Qxc6 Qf6 18. Nd1 Bg4 19. Be2 Bxe2 20. Kxe2 e3
21. f3 e4 22. Rxe4 Qf5 23. Ndxe3 Qg6 1-0

[Event "White Nights Open 2006"]
[Site "St. Petersburg RUS"]
[Date "2006.06.26"]
[Round "4.52"]
[White "Bazhenova, Dina"]
[Black "Nezbailo, Dmitry"]
[Result "0-1"]
[WhiteElo "1858"]
[BlackElo "2057"]
[PlyCount "80"]
[EventDate "2006.06.22"]
[EventType "swiss"]
[EventRounds "9"]
[EventCountry "RUS"]
[Source "lmi"]
[SourceDate "2006.06.29"]

1. e4 e5 2. Nf3 Nc6 3. Bc4 Bc5 4. b4 Bxb4 5. c3 Ba5 6. d4 exd4 7. Nxd4 Nxd4 8.
Qxd4 Qf6 9. e5 Qg6 10. Qd5 Bb6 11. Ba3 Ne7 12. Qf3 Qf5 13. Qxf5 Nxf5 14. O-O c6
15. Nd2 Bc7 16. Bd3 d5 17. exd6 Bxd6 18. Rfe1+ Kf8 19. Bb2 Be6 20. Ne4 Be7 21.
c4 Rd8 22. Rad1 h5 23. Bf1 b6 24. a4 Nd6 25. Nxd6 Rxd6 26. a5 Rxd1 27. Rxd1
bxa5 28. Ba3 Ke8 29. Bb2 f6 30. Ra1 Bb4 31. Bd3 Ke7 32. Ba3 Rd8 33. Be2 g6 34.
Bxb4+ axb4 35. Rxa7+ Rd7 36. Ra6 Rb7 37. Ra2 b3 38. Rb2 Kd6 39. Kf1 Kc5 40. Ke1
Bxc4 0-1

[Event "White Nights Open 2006"]
[Site "St. Petersburg RUS"]
[Date "2006.06.27"]
[Round "5.1"]
[White "Gritsenko, Andrey"]
[Black "Mukhin, Georgy"]
[Result "1/2-1/2"]
[WhiteElo "2341"]
[BlackElo "2340"]
[PlyCount "55"]
[EventDate "2006.06.22"]
[EventType "swiss"]
[EventRounds "9"]
[EventCountry "RUS"]
[Source "lmi"]
[SourceDate "2006.06.29"]

1. e4 c5 2. Nf3 Nc6 3. d4 cxd4 4. Nxd4 Nf6 5. Nc3 d6 6. Bg5 h6 7. Bxf6 gxf6 8.
Qd2 Qb6 9. Nb3 f5 10. Bd3 fxe4 11. Bxe4 Bg7 12. O-O-O a5 13. a4 Be6 14. Bd5 Bf5
15. Rhe1 O-O 16. g4 Bh7 17. Bxc6 bxc6 18. Rxe7 d5 19. f4 Rab8 20. h4 Qb4 21.
Ra7 Bxc3 22. Qxc3 Qxf4+ 23. Qd2 Qxa4 24. Rxa5 Qc4 25. Rc5 Qa6 26. Ra5 Qc4 27.
Rc5 Qa6 28. Ra5 1/2-1/2

[Event "White Nights Open 2006"]
[Site "St. Petersburg RUS"]
[Date "2006.06.27"]
[Round "5.2"]
[White "Sivokho, Sergey"]
[Black "Smirnov, Sergei"]
[Result "1-0"]
[WhiteElo "2469"]
[BlackElo "2283"]
[PlyCount "63"]
[EventDate "2006.06.22"]
[EventType "swiss"]
[EventRounds "9"]
[EventCountry "RUS"]
[Source "lmi"]
[SourceDate "2006.06.29"]

1. e4 c5 2. Nf3 Nc6 3. d4 cxd4 4. Nxd4 Nf6 5. Nc3 d6 6. Bc4 e6 7. Be3 Be7 8.
Qe2 O-O 9. O-O-O Bd7 10. Bb3 Na5 11. g4 Nxb3+ 12. axb3 Qa5 13. Kb1 Rfb8 14. g5
Ne8 15. h4 b5 16. Qg4 Qc7 17. h5 b4 18. Na4 Rc8 19. Rd2 Bf8 20. g6 Nf6 21. Qh4
Qb7 22. f3 e5 23. Rg2 exd4 24. Bxd4 fxg6 25. hxg6 h6 26. Bxf6 Bxa4 27. bxa4 b3
28. Qg4 gxf6 29. Qe6+ Kg7 30. Rxh6 bxc2+ 31. Rxc2 Rc5 32. Rh7+ 1-0

[Event "White Nights Open 2006"]
[Site "St. Petersburg RUS"]
[Date "2006.06.27"]
[Round "5.4"]
[White "Altshul, Raffael"]
[Black "Kazakevich, Grigoriy"]
[Result "1-0"]
[WhiteElo "2291"]
[BlackElo "2113"]
[PlyCount "151"]
[EventDate "2006.06.22"]
[EventType "swiss"]
[EventRounds "9"]
[EventCountry "RUS"]
[Source "lmi"]
[SourceDate "2006.06.29"]

1. Nf3 Nf6 2. b3 d6 3. d4 g6 4. Bb2 Bg7 5. g3 O-O 6. Bg2 c6 7. O-O Nbd7 8. Nbd2
Qc7 9. e4 Re8 10. Re1 Ng4 11. h3 Nh6 12. a4 Nf8 13. Nf1 Bd7 14. Qd2 f6 15. d5
c5 16. Ne3 Nf7 17. Nh2 Qc8 18. h4 b5 19. axb5 Bxb5 20. Ra4 a6 21. Bf1 Bxf1 22.
Rxf1 Nd7 23. Nc4 Qb7 24. Rfa1 Ra7 25. R4a2 Nb8 26. Qd1 Qc8 27. Qg4 Qxg4 28.
Nxg4 Ne5 29. Ngxe5 fxe5 30. Bc1 Bf8 31. Be3 Rc7 32. Kg2 e6 33. Rd1 Kf7 34. Raa1
exd5 35. Rxd5 Rc6 36. Rad1 Re6 37. Ra1 Nd7 38. Rdd1 Be7 39. Kf1 Bd8 40. Ke2 Bc7
41. Ra4 Re8 42. Rda1 Ra8 43. Bg5 Ke6 44. h5 gxh5 45. Rh1 Bd8 46. Be3 Nf6 47. f3
d5 48. exd5+ Nxd5 49. Bd2 Nf6 50. Bc3 e4 51. f4 Nd5 52. Bd2 Nf6 53. Bc3 Nd5 54.
Bd2 Nf6 55. Ne3 Be7 56. Bc3 Rg8 57. Bxf6 Bxf6 58. Rxe4+ Kf7 59. Kf3 Re6 60.
Rxe6 Kxe6 61. Rxh5 Bd4 62. Rh6+ Kd7 63. Rxh7+ Kc6 64. Nf5 Rd8 65. Nxd4+ Rxd4
66. Ke3 Rd1 67. g4 Rc1 68. Rh2 Kd5 69. Rg2 Re1+ 70. Kd3 Rf1 71. g5 Rf3+ 72. Kd2
Rxf4 73. g6 Rf8 74. g7 Rg8 75. Rg5+ Kd4 76. Rg4+ 1-0

[Event "White Nights Open 2006"]
[Site "St. Petersburg RUS"]
[Date "2006.06.27"]
[Round "5.6"]
[White "Orlov, Nikolay I"]
[Black "Pirogov, Vyatcheslav"]
[Result "1/2-1/2"]
[WhiteElo "2279"]
[BlackElo "2390"]
[PlyCount "192"]
[EventDate "2006.06.22"]
[EventType "swiss"]
[EventRounds "9"]
[EventCountry "RUS"]
[Source "lmi"]
[SourceDate "2006.06.29"]

1. c4 e5 2. g3 Nf6 3. Bg2 Nc6 4. Nc3 Bb4 5. Nd5 Bc5 6. e3 O-O 7. Ne2 a6 8. O-O
d6 9. Nxf6+ Qxf6 10. Nc3 Bf5 11. Nd5 Qd8 12. d3 Rb8 13. b3 Ne7 14. Bb2 Nxd5 15.
Bxd5 Ba7 16. Bg2 Qd7 17. d4 e4 18. Re1 Rfe8 19. Qc2 c6 20. d5 c5 21. a4 f6 22.
a5 Re7 23. Bc3 Qe8 24. b4 cxb4 25. Bxb4 Rd7 26. Qa4 Rc8 27. Rec1 Bc5 28. Rab1
Qe7 29. Bxc5 Rxc5 30. Rb4 h5 31. Rcb1 Kh7 32. Qd1 Kh6 33. h4 Rxa5 34. Qb3 Rc5
35. Rxb7 Rdc7 36. Bf1 a5 37. Rb8 Bc8 38. Ra8 Ra7 39. Qb8 Rxa8 40. Qxa8 Qc7 41.
Be2 g6 42. Rb5 Kg7 43. Qb8 Qxb8 44. Rxb8 Kf7 45. Ra8 Ke7 46. Ra7+ Kd8 47. Kf1
Bd7 48. Ke1 a4 49. Kd2 Rc8 50. Kc3 Rb8 51. Bd1 Rb1 52. Bxa4 Bxa4 53. Rxa4 Rf1
54. Ra2 f5 55. Ra8+ Kc7 56. Ra2 Kb6 57. Rb2+ Kc7 58. Kb4 Rc1 59. Kb5 Rc3 60.
Kb4 Rc1 61. Ra2 Rd1 62. Kc3 Rf1 63. Ra7+ Kd8 64. Rg7 Rxf2 65. Rxg6 Ke7 66. Rg7+
Kd8 67. Rg5 Rf3 68. Kd4 Rf1 69. Rxh5 Rd1+ 70. Kc3 Rd3+ 71. Kb4 Rxe3 72. Rxf5
Rxg3 73. Rf4 e3 74. Re4 Rh3 75. Kb5 Kd7 76. Kb6 e2 77. Kb5 Rxh4 78. Rxe2 Rh1
79. Kb4 Rb1+ 80. Kc3 Rc1+ 81. Kd3 Rd1+ 82. Ke4 Rc1 83. Rh2 Rxc4+ 84. Kf5 Rc1
85. Rh7+ Kd8 86. Ke6 Rg1 87. Rd7+ Kc8 88. Rf7 Rh1 89. Kxd6 Rh6+ 90. Ke7 Kc7 91.
Rg7 Rd6 92. Rg5 Rh6 93. Rf5 Rg6 94. Re5 Rh6 95. Re6 Rh7+ 96. Kf6 Kb7 1/2-1/2

[Event "White Nights Open 2006"]
[Site "St. Petersburg RUS"]
[Date "2006.06.27"]
[Round "5.7"]
[White "Utkin, Aleksey"]
[Black "Kostin, Sergei"]
[Result "1-0"]
[WhiteElo "2388"]
[BlackElo "2280"]
[PlyCount "73"]
[EventDate "2006.06.22"]
[EventType "swiss"]
[EventRounds "9"]
[EventCountry "RUS"]
[Source "lmi"]
[SourceDate "2006.06.29"]

1. d4 Nf6 2. Nf3 g6 3. Bg5 Bg7 4. Nbd2 d6 5. c3 O-O 6. e4 Nbd7 7. Bc4 c6 8. Bb3
Qc7 9. O-O b5 10. Re1 e5 11. Nf1 Re8 12. Ng3 h6 13. Bd2 Bb7 14. Qc1 h5 15. Bh6
Nf8 16. Bxg7 Kxg7 17. Nh4 Bc8 18. Re3 c5 19. Ngf5+ Bxf5 20. exf5 cxd4 21. Rg3
Qd7 22. fxg6 fxg6 23. Qg5 N6h7 24. Qxh5 dxc3 25. bxc3 Kh8 26. Nxg6+ Nxg6 27.
Qxg6 Rf8 28. Rd1 Qe7 29. Rxd6 e4 30. Re6 Qf7 31. Qxf7 Rxf7 32. Rxe4 Rd8 33. h3
Rc7 34. Reg4 Nf6 35. Rg6 Ne4 36. Rh6+ Rh7 37. Rxh7+ 1-0

[Event "White Nights Open 2006"]
[Site "St. Petersburg RUS"]
[Date "2006.06.27"]
[Round "5.8"]
[White "Karalkin, Maksim"]
[Black "Mishuchkov, Nikolai M"]
[Result "0-1"]
[WhiteElo "2228"]
[BlackElo "2371"]
[PlyCount "56"]
[EventDate "2006.06.22"]
[EventType "swiss"]
[EventRounds "9"]
[EventCountry "RUS"]
[Source "lmi"]
[SourceDate "2006.06.29"]

1. e4 e5 2. Nf3 Nc6 3. d4 exd4 4. Nxd4 Bb4+ 5. c3 Ba5 6. Nxc6 bxc6 7. Bc4 Bb6
8. O-O d6 9. Kh1 Ne7 10. Bg5 O-O 11. f4 Kh8 12. e5 Be6 13. Bd3 dxe5 14. fxe5
Qd7 15. Qe2 Ng6 16. Na3 Bg4 17. Qc2 Nxe5 18. Bxh7 f5 19. Rae1 Rae8 20. Bf4 Nd3
21. Rxe8 Rxe8 22. h3 Re2 23. Qb3 Kxh7 24. hxg4 Nf2+ 25. Kh2 Nxg4+ 26. Kg3 Qd3+
27. Rf3 Rxg2+ 28. Kxg2 Qe2+ 0-1

[Event "White Nights Open 2006"]
[Site "St. Petersburg RUS"]
[Date "2006.06.27"]
[Round "5.10"]
[White "Feofanov, Denis"]
[Black "Prelovskij, Rudolf"]
[Result "1/2-1/2"]
[WhiteElo "2347"]
[BlackElo "2184"]
[PlyCount "156"]
[EventDate "2006.06.22"]
[EventType "swiss"]
[EventRounds "9"]
[EventCountry "RUS"]
[Source "lmi"]
[SourceDate "2006.06.29"]

1. e4 d6 2. d4 Nf6 3. f3 Nbd7 4. Be3 c6 5. c4 e5 6. d5 Be7 7. Nc3 O-O 8. Nh3
Re8 9. Be2 Nf8 10. Nf2 c5 11. Qd2 Ng6 12. g3 Bd7 13. a3 a6 14. b4 b6 15. O-O
Qc7 16. Rab1 Reb8 17. Rb2 cxb4 18. axb4 b5 19. cxb5 axb5 20. Rc1 Qb7 21. Rcc2
Ne8 22. Ra2 Nc7 23. Rab2 Bd8 24. Qc1 Ra3 25. Ra2 Rxa2 26. Rxa2 Ra8 27. Rxa8
Qxa8 28. Kg2 Qa6 29. Bd2 Ne7 30. Qf1 Nc8 31. Nfd1 Nb6 32. Bd3 h6 33. Qe2 Kh7
34. f4 f6 35. Ne3 Nc8 36. Nf5 Ne7 37. Nxe7 Bxe7 38. f5 Be8 39. g4 Qa7 40. Nxb5
Nxb5 41. Bxb5 Bxb5 42. Qxb5 Qd4 43. Qe2 Bd8 44. Qe3 Qb2 45. Qf2 Qb1 46. Qe1 Qc2
47. h4 Bb6 48. g5 fxg5 49. hxg5 hxg5 50. Kf3 Kg8 51. Bxg5 Qh2 52. Bh4 Qf4+ 53.
Kg2 Be3 54. Bg3 Qxe4+ 55. Kh2 Qc2+ 56. Kh1 Bd4 57. f6 gxf6 58. Bh4 Kf7 59. b5
Qb3 60. Qf1 Qxd5+ 61. Kh2 e4 62. Qb1 Bb6 63. Bg3 Qh5+ 64. Kg2 Qf3+ 65. Kh3 Bf2
66. Qa2+ Ke8 67. Qxf2 Qh5+ 68. Bh4 Qxb5 69. Qxf6 Qe5 70. Qd8+ Kf7 71. Qd7+ Kg6
72. Qg4+ Kf7 73. Kg2 d5 74. Bg3 Qb2+ 75. Kf1 Qa1+ 76. Be1 Qf6+ 77. Ke2 Qf3+ 78.
Qxf3+ exf3+ 1/2-1/2

[Event "White Nights Open 2006"]
[Site "St. Petersburg RUS"]
[Date "2006.06.27"]
[Round "5.11"]
[White "Egorov, Dmitry"]
[Black "Novikov, Mikhail V"]
[Result "1-0"]
[WhiteElo "2215"]
[BlackElo "2343"]
[PlyCount "53"]
[EventDate "2006.06.22"]
[EventType "swiss"]
[EventRounds "9"]
[EventCountry "RUS"]
[Source "lmi"]
[SourceDate "2006.06.29"]

1. e4 c5 2. Nf3 e6 3. c3 d5 4. e5 Bd7 5. d4 Qb6 6. Bd3 cxd4 7. Nxd4 Nc6 8. Nf3
Nge7 9. O-O Ng6 10. Qe2 a6 11. h4 Qc7 12. Re1 f6 13. Bxg6+ hxg6 14. Bf4 O-O-O
15. Nbd2 fxe5 16. Nxe5 Nxe5 17. Bxe5 Qb6 18. Nf3 Be7 19. g3 Bf6 20. Qe3 Qxe3
21. Rxe3 Rhe8 22. Rae1 Re7 23. Nd4 Rde8 24. Rf3 Rf7 25. Rfe3 Bxe5 26. Rxe5 Rf6
27. f4 1-0

[Event "White Nights Open 2006"]
[Site "St. Petersburg RUS"]
[Date "2006.06.27"]
[Round "5.12"]
[White "Akatova, Ekaterina"]
[Black "Turikov, Viktor"]
[Result "1-0"]
[WhiteElo "2159"]
[BlackElo "2340"]
[PlyCount "151"]
[EventDate "2006.06.22"]
[EventType "swiss"]
[EventRounds "9"]
[EventCountry "RUS"]
[Source "lmi"]
[SourceDate "2006.06.29"]

1. e4 b6 2. d4 Bb7 3. Nc3 e6 4. Bd3 Nf6 5. Nf3 Bb4 6. Bg5 h6 7. Bxf6 Bxc3+ 8.
bxc3 Qxf6 9. O-O d6 10. Qd2 Nd7 11. a4 a5 12. Rab1 O-O 13. Ne1 e5 14. Qe3 Rfe8
15. Bb5 exd4 16. Qh3 c6 17. Bd3 Bc8 18. cxd4 Qxd4 19. Nf3 Qc5 20. Qg3 Nf6 21.
Nd2 Be6 22. Kh1 Rab8 23. f4 b5 24. e5 dxe5 25. fxe5 Nh5 26. Qf3 Qxe5 27. Qxc6
Bd5 28. Qd7 Nf6 29. Qh3 bxa4 30. Bb5 Red8 31. Rbe1 Qd4 32. Bd3 a3 33. Nf3 Bxf3
34. Qxf3 a2 35. Qf5 Qc3 36. Ra1 Rb2 37. Qf3 Kh8 38. Qe2 Rdb8 39. Qe7 R2b7 40.
Qd6 Rb6 41. Qf4 Qa3 42. Qc4 Rb1 43. Rxa2 Rxf1+ 44. Bxf1 Qc1 45. Rxa5 Ng4 46.
Qxf7 Ne3 47. Kg1 Qd2 48. Re5 Nxf1 49. Re8+ Rxe8 50. Qxe8+ Kh7 51. Qe4+ Kh8 52.
Kxf1 Qd1+ 53. Kf2 Qd2+ 54. Kf3 Qd1+ 55. Kg3 Qd6+ 56. Kh3 Qd7+ 57. Qg4 Qd2 58.
Qc8+ Kh7 59. Qf5+ Kh8 60. Qd3 Qg5 61. g3 Qc5 62. c4 Qc8+ 63. Kg2 Qb7+ 64. Qd5
Qb2+ 65. Kh3 Qf2 66. c5 Qf1+ 67. Kh4 Qf6+ 68. Kg4 Qg6+ 69. Kh3 h5 70. Qd7 Qe4
71. c6 Qf3 72. c7 Qf1+ 73. Kh4 g5+ 74. Kxh5 Qe2+ 75. Kg6 Qe4+ 76. Kh6 1-0

[Event "White Nights Open 2006"]
[Site "St. Petersburg RUS"]
[Date "2006.06.27"]
[Round "5.13"]
[White "Grigoriev, Semyon"]
[Black "Kurilov, Viktor"]
[Result "1/2-1/2"]
[WhiteElo "2106"]
[BlackElo "2329"]
[PlyCount "115"]
[EventDate "2006.06.22"]
[EventType "swiss"]
[EventRounds "9"]
[EventCountry "RUS"]
[Source "lmi"]
[SourceDate "2006.06.29"]

1. d4 d5 2. c4 e6 3. Nc3 Nf6 4. Bg5 Bb4 5. e3 h6 6. Bh4 Nbd7 7. cxd5 exd5 8.
Nf3 c6 9. Bd3 O-O 10. O-O Re8 11. Qc2 Nf8 12. a3 Be7 13. b4 Ne4 14. Bxe4 Bxh4
15. Bd3 Bf6 16. b5 Bd7 17. bxc6 bxc6 18. Rab1 Qa5 19. Na4 Rab8 20. Nc5 Bg4 21.
Rb3 Nd7 22. Nxd7 Bxd7 23. Rfb1 Qc7 24. h3 Rb6 25. a4 Reb8 26. Nd2 Be7 27. Qc3
c5 28. dxc5 Qxc5 29. Qxc5 Bxc5 30. Rxb6 Rxb6 31. Bb5 Bf5 32. Rc1 Bd6 33. Nf3 a6
34. Rc6 Rxc6 35. Bxc6 Be6 36. Nd4 Kf8 37. Bb7 a5 38. e4 Bd7 39. Bc6 Bxc6 40.
Nxc6 dxe4 41. Nxa5 Ke7 42. Nc4 Bc5 43. Kf1 Ke6 44. Ke2 Kd5 45. Ne3+ Ke5 46. a5
f5 47. g3 g5 48. f3 h5 49. fxe4 Kxe4 50. Ng2 f4 51. gxf4 g4 52. hxg4 hxg4 53.
a6 Bb6 54. Kf1 Bc5 55. Ne1 Bd4 56. Kg2 Kxf4 57. Nd3+ Ke4 58. Nf2+ 1/2-1/2

[Event "White Nights Open 2006"]
[Site "St. Petersburg RUS"]
[Date "2006.06.27"]
[Round "5.14"]
[White "Shimanov, Aleksandr"]
[Black "Kosarev, Dmitry"]
[Result "1-0"]
[WhiteElo "2300"]
[BlackElo "2185"]
[PlyCount "59"]
[EventDate "2006.06.22"]
[EventType "swiss"]
[EventRounds "9"]
[EventCountry "RUS"]
[Source "lmi"]
[SourceDate "2006.06.29"]

1. e4 c5 2. Nf3 e6 3. d4 cxd4 4. Nxd4 a6 5. Bd3 Bc5 6. Nb3 Be7 7. Qg4 g6 8. Qe2
d6 9. a4 b6 10. O-O Nd7 11. N1d2 Ngf6 12. Nc4 O-O 13. Bf4 Qc7 14. Rad1 Nh5 15.
Bh6 Re8 16. f4 Bb7 17. e5 dxe5 18. fxe5 b5 19. axb5 axb5 20. Nd6 Nxe5 21. Nxe8
Rxe8 22. Bxb5 Rc8 23. Rfe1 Qxc2 24. Rc1 Qxb3 25. Rxc8+ Bxc8 26. Qxe5 Bf8 27.
Bxf8 Kxf8 28. Rc1 Bb7 29. Qh8+ Ke7 30. Rc7+ 1-0

[Event "White Nights Open 2006"]
[Site "St. Petersburg RUS"]
[Date "2006.06.27"]
[Round "5.16"]
[White "Kostyuchenko, Vladimir"]
[Black "Kryschilovskij, Andrej"]
[Result "0-1"]
[WhiteElo "2138"]
[BlackElo "2347"]
[PlyCount "62"]
[EventDate "2006.06.22"]
[EventType "swiss"]
[EventRounds "9"]
[EventCountry "RUS"]
[Source "lmi"]
[SourceDate "2006.06.29"]

1. d4 Nf6 2. c4 e6 3. Nc3 Bb4 4. Qc2 O-O 5. a3 Bxc3+ 6. Qxc3 h6 7. Nf3 b6 8. g4
Bb7 9. Rg1 Ne4 10. Qc2 c5 11. Bg2 d5 12. dxc5 bxc5 13. Nd2 Nc6 14. Nxe4 Nd4 15.
Qd3 dxe4 16. Bxe4 Qb6 17. Bxb7 Qxb7 18. b4 Rad8 19. Rb1 e5 20. bxc5 Qc6 21. g5
g6 22. gxh6 Kh7 23. Bg5 Rd7 24. h4 Nf5 25. Qc3 Qe4 26. Qc1 Nd4 27. Be3 Nf5 28.
Bg5 f6 29. f3 Qc6 30. Be3 Nxh4 31. Kf2 Nf5 0-1

[Event "White Nights Open 2006"]
[Site "St. Petersburg RUS"]
[Date "2006.06.27"]
[Round "5.17"]
[White "Andreev, Konstantin"]
[Black "Romanov, Vasily"]
[Result "0-1"]
[WhiteElo "2322"]
[BlackElo "1952"]
[PlyCount "124"]
[EventDate "2006.06.22"]
[EventType "swiss"]
[EventRounds "9"]
[EventCountry "RUS"]
[Source "lmi"]
[SourceDate "2006.06.29"]

1. d4 d5 2. c4 c6 3. Nc3 Nf6 4. Nf3 a6 5. c5 Bf5 6. Bf4 e6 7. h3 Nbd7 8. e3 Be7
9. Bd3 Bxd3 10. Qxd3 b6 11. cxb6 Qxb6 12. O-O O-O 13. b3 Rfc8 14. Na4 Qb5 15.
Rfd1 c5 16. dxc5 Qxd3 17. Rxd3 Nxc5 18. Nxc5 Rxc5 19. Be5 Rac8 20. Rad1 Ne4 21.
Ne1 f6 22. Bb2 Nc3 23. Ra1 R5c6 24. Kf1 Ne4 25. f3 Nd6 26. Ke2 f5 27. Kd2 Bg5
28. g3 Bf6 29. Bxf6 gxf6 30. Ke2 Rc1 31. Rxc1 Rxc1 32. Kd2 Rb1 33. Rc3 Nb5 34.
Rc6 Rb2+ 35. Rc2 Rb1 36. a4 Na3 37. Rc8+ Kf7 38. Rc7+ Kg6 39. Nd3 Rxb3 40. Nf4+
Kh6 41. Nxe6 Nc4+ 42. Kc2 Rxe3 43. Nf8 Rxf3 44. Rxh7+ Kg5 45. Rg7+ Kh6 46. Rg6+
Kh5 47. Rg8 Kh6 48. Nd7 d4 49. Nc5 Ne5 50. Nxa6 Ra3 51. Nb4 Rxa4 52. Nd5 d3+
53. Kb3 d2 54. Ne3 Rd4 55. Kc2 Rd3 56. Nxf5+ Kh7 57. Rg7+ Kh8 58. Kd1 Rf3 59.
Rg4 Rxf5 60. Rh4+ Kg7 61. Re4 Rf2 62. Rd4 Nf3 0-1

[Event "White Nights Open 2006"]
[Site "St. Petersburg RUS"]
[Date "2006.06.27"]
[Round "5.18"]
[White "Matrosov, Vladimir"]
[Black "Vunder, Andrey"]
[Result "0-1"]
[WhiteElo "2082"]
[BlackElo "2293"]
[PlyCount "82"]
[EventDate "2006.06.22"]
[EventType "swiss"]
[EventRounds "9"]
[EventCountry "RUS"]
[Source "lmi"]
[SourceDate "2006.06.29"]

1. f4 d5 2. Nf3 Nf6 3. e3 Bg4 4. d4 e6 5. Bd3 c5 6. c3 Nc6 7. O-O Bd6 8. h3 Bf5
9. Ne5 Qc7 10. g4 Bxd3 11. Qxd3 h5 12. g5 Ne4 13. Nd2 Bxe5 14. dxe5 c4 15. Qc2
Ng3 16. Rf3 Nf5 17. b3 cxb3 18. axb3 Nb4 19. Qb2 Nd3 20. Qa3 Ne1 21. Qa4+ Qd7
22. Rf1 Nc2 23. Qxd7+ Kxd7 24. Ra2 Ncxe3 25. Re1 Rhc8 26. Nb1 d4 27. cxd4 Nd5
28. Rd1 Nxd4 29. Bb2 Ne2+ 30. Kf1 Nexf4 31. Nc3 Ke8 32. Nxd5 Nxd5 33. Bd4 a6
34. Rf2 Rc7 35. Kg1 Ne7 36. Rfd2 Rd7 37. Bc5 Rxd2 38. Rxd2 Rc8 39. b4 Nd5 40.
Rf2 g6 41. Kh2 a5 0-1

[Event "White Nights Open 2006"]
[Site "St. Petersburg RUS"]
[Date "2006.06.27"]
[Round "5.19"]
[White "Zuttis, Sergey"]
[Black "Vunder, Yakov"]
[Result "0-1"]
[WhiteElo "2097"]
[BlackElo "2244"]
[PlyCount "74"]
[EventDate "2006.06.22"]
[EventType "swiss"]
[EventRounds "9"]
[EventCountry "RUS"]
[Source "lmi"]
[SourceDate "2006.06.29"]

1. e4 e5 2. Nf3 Nc6 3. Nc3 Nf6 4. g3 d5 5. exd5 Nxd5 6. Bg2 Nxc3 7. bxc3 Bd6 8.
O-O O-O 9. d4 Bg4 10. Qd3 Qc8 11. Re1 Bf5 12. Qc4 exd4 13. cxd4 Nb4 14. Re2 Be6
15. Qb5 Bd5 16. c3 Bc6 17. Qh5 Nd5 18. Ng5 Nf6 19. Qh4 Bxg2 20. Kxg2 Re8 21.
Ne4 Nxe4 22. Rxe4 Qf5 23. Rxe8+ Rxe8 24. Bd2 h6 25. Re1 Rxe1 26. Bxe1 Qd5+ 27.
Kg1 Qxa2 28. Qd8+ Kh7 29. Qe8 a5 30. Qe4+ g6 31. d5 Bf8 32. Qe8 Bg7 33. Qxf7
Qe2 34. Qe6 Qxe6 35. dxe6 Kg8 36. c4 a4 37. Bb4 Bb2 0-1